000 00522nam a2200181Ia 4500
003 IN-BaIIA
008 211028s9999 xx 000 0 eng d
040 _cIIA Library
080 _a530.1
_bBEI
100 _aBeiser, Arthur
_97976
245 0 _aPerspectives of modern physics
_cArthur Beiser
260 _aTokyo
_bMcGraw-Hill
_c1969
300 _avii, 611p.
490 _aMcGraw-Hill series in fundamentals of physics: an undergraduate textbook
650 _a Physics
_97977
650 _aNASA Thesaurus 
942 _cBK
999 _c4536
_d4536